Archie Comic Character Names - Statistics

General Stats
  • This quiz has been taken 212 times
  • The average score is 8 of 15
Answer Stats
Hint Answer % Correct
Archie ______ Andrews
94%
Veronica ______ Lodge
94%
Jughead ____ Jones
93%
Betty ______ Cooper
87%
Reggie ______ Mantle
72%
Pop ____ Tate
61%
Dilton ______ Doiley
58%
Moose ____ Mason
48%
Chuck ______ Clayton
40%
Ethel ____ Muggs
32%
_____ Weatherbee Waldo
31%
Midge _____ Klump
29%
________ Grundy Geraldine
26%
______ Beazley Bernice
7%
______ Smithers Hubert
5%
No matching quizzes found
Score Distribution
Percent of People with Each Score
Percentile by Number Answered
Your Score History
You have not taken this quiz